Going beyond the law : promoting equality in employment : ILGA Europe report : June 2005 [i.e. April 2005] /

Guardat en:
Dades bibliogràfiques
Altres autors: Quinn, Sheila, Hardt, Birgit
Format: Publicació Periòdica
Idioma:anglès
Publicat: Brussel Bruxelles ILGA Europe [2005]
Col·lecció:ILGA Europe Report
Etiquetes: Afegir etiqueta
Sense etiquetes, Sigues el primer a etiquetar aquest registre!

MARC

LEADER 00000nas a2200000 4500
001 CDOM0000001406
003 mi
005 20251012215245.0
008 251012b |||||||| |||| 00| 0 eng d
022 |a 1784-5130 
040 |c mi 
245 1 |a Going beyond the law :  |b promoting equality in employment : ILGA Europe report : June 2005 [i.e. April 2005] /  |c Sheila Quinn ; Birgit Hardt 
260 |a Brussel  |a Bruxelles  |b ILGA Europe  |c [2005] 
300 |a 64 p. ;  |c 21 cm. 
490 |a ILGA Europe Report 
500 |a Pubblicazione aperiodica di informazione di: International Lesbian and Gay Association, European Region. 
700 |a Quinn, Sheila 
700 |a Hardt, Birgit 
942 |2 ddc  |c CR 
952 |0 0  |1 0  |2 ddc  |4 0  |7 1  |9 8330  |a MI  |b MI  |d 2005-09-11  |i G-7  |l 0  |p CDOMG-7  |r 2025-07-17 21:50:00  |w 2025-07-17  |x DONO  |y BK 
999 |c 6945  |d 6945